Catalog

Record Details

Catalog Search



Pevninské vody a mokřady : ekologie evropských sladkých vod, luhů a bažin  Cover Image Book Book

Pevninské vody a mokřady : ekologie evropských sladkých vod, luhů a bažin / Josef Reichholf ; [z němčiny přeložil Jiří Čihař]

Record details

  • ISBN: 80-7202-185-0
  • ISBN: 80-7176-571-6
  • Physical Description: 223 s. : barev. il. ; 20 cm
  • Edition: Vyd. 1.
  • Publisher: Praha : Ikar : 1998

Content descriptions

Bibliography, etc. Note:
Obsahuje bibliografii
Subject: sladké vody
mokřadní ekosystémy
vodní ekosystémy
Genre: populárně-naučné publikace
fotografické publikace

Available copies

  • 1 of 1 copy available at Common Catalog SPOK.

Holds

  • 0 current holds with 1 total copy.
Show Only Available Copies
Location Call Number / Copy Notes Barcode Shelving Location Status Due Date
KDS Library 5 ReJ 204576802967 Library Available -

LDR 01525cam a2200445 a 4500
00122349
003CZ-PrJAB
00520150721125125.0
007tu
008980126s1998 xr a e f 000 0 cze
015 . ‡acnb000304725
020 . ‡a80-7202-185-0 ‡q(Ikar : ‡qváz.)
020 . ‡a80-7176-571-6 ‡q(Knižní klub : ‡qváz.)
035 . ‡a(CZ PrNK)cpk19980304725
035 . ‡a(OCoLC)40091705
040 . ‡aOSA001 ‡bcze ‡dABA001
0411 . ‡acze ‡hger
072 7. ‡a574 ‡xObecná ekologie ‡2Konspekt ‡92
080 . ‡a556.5 ‡2MRF
080 . ‡a574.4(285.3) ‡2MRF
080 . ‡a574.5 ‡2MRF
080 . ‡a(0.062) ‡2MRF
080 . ‡a(084.12) ‡2MRF
1001 . ‡aReichholf, Josef, ‡d1945- ‡7jn19990009690 ‡4aut
24510. ‡aPevninské vody a mokřady : ‡bekologie evropských sladkých vod, luhů a bažin / ‡cJosef Reichholf ; [z němčiny přeložil Jiří Čihař]
250 . ‡aVyd. 1.
260 . ‡aPraha : ‡bIkar : ‡bKnižní klub, ‡c1998
300 . ‡a223 s. : ‡bbarev. il. ; ‡c20 cm
4901 . ‡aPrůvodce přírodou
504 . ‡aObsahuje bibliografii
65007. ‡asladké vody ‡7ph341323 ‡2czenas
65007. ‡amokřadní ekosystémy ‡7ph115342 ‡2czenas
65007. ‡avodní ekosystémy ‡7ph116599 ‡2czenas
655 7. ‡apopulárně-naučné publikace ‡7fd131864 ‡2czenas
655 7. ‡afotografické publikace ‡7fd132276 ‡2czenas
7001 . ‡aČihař, Jiří, ‡d1930-2009 ‡7jk01021822 ‡4trl
7650 . ‡tFeuchtgebiete ‡9Česky
830 0. ‡aPrůvodce přírodou
910 . ‡aABE463
998 . ‡a000304725
901 . ‡a22349 ‡b ‡c22349 ‡tbiblio

Additional Resources